000
00248 a2200097 4500
001
15062
100
_a
Jackson John A
245
_a
More than mountains
260
_a
London Toronto Wellington Sydney
_b
George G harp co ltd
_c
090
_c
11817
_d
11817
942
_a
NUST-CAE
_c
M
_c
2022
999
_c
250135
_d
250135